000 00694nam a22002417a 4500
003 UA-OsUOA
001 52246
007 ta
008 20080206b un ||||| |||| 00| 0 ukr d
100 _aКленси
700 _aКевин Дж.
090 _a339.1
_bК48
942 _cBK
040 _aUA-OsUOA
_bukr
_cUA-OsUOA
_dUA-OsUOA
245 _aМоделирование рынка: как спрогнозировать успех нового продукта
300 _a272 с.
955 _a2
041 _aukr
080 _a339.1
260 _aМ.
_bВершина
_c2007
650 7 _a339.1 Загальні питання торгівлі. Ринок
_2UDC
999 _c338334
_d338334